000 00627nam a2200253Ia 4500
005 20260121154713.0
008 008 260114s9999 xx 000 0 eng d
020 _a9781003092704
037 _aEBOOK
040 _aCRL
040 _beng
040 _cCRL
041 _2eng
041 _aeng
084 _qCRL
100 _a Mike Jones
_91010472
245 0 _aArtefacts, Archives, and Documentation in the Relational Museum
260 _bTaylor and Francis
260 _c2021
856 _uhttp://www.taylorfrancis.com/books/9781003092704
942 _cEBOOK
999 _c1577293
_d1577293